Welcome to CU Library Online Public Access Catalogue (OPAC)

MASTERING FINANCIAL CALCULATIONS (Record no. 3293)

MARC details
000 -LEADER
fixed length control field 00466nam a22001457a 4500
005 - DATE AND TIME OF LATEST TRANSACTION
control field 20250131133140.0
008 - FIXED-LENGTH DATA ELEMENTS--GENERAL INFORMATION
fixed length control field 250131b |||||||| |||| 00| 0 eng d
020 ## - INTERNATIONAL STANDARD BOOK NUMBER
International Standard Book Number 9780273625872
050 ## - LIBRARY OF CONGRESS CALL NUMBER
Classification number HG 4515
Item number .2 STE
100 ## - MAIN ENTRY--PERSONAL NAME
Personal name STEINER, ROBERT
245 ## - TITLE STATEMENT
Title MASTERING FINANCIAL CALCULATIONS
Remainder of title A step by step guide to the mathematics of financial markets instruments
Statement of responsibility, etc. ROBERT STIENER
260 ## - PUBLICATION, DISTRIBUTION, ETC.
Place of publication, distribution, etc. LONDON
Name of publisher, distributor, etc. PRENTICE HALL
Date of publication, distribution, etc. c1998
300 ## - PHYSICAL DESCRIPTION
Extent xv,396p,;
942 ## - ADDED ENTRY ELEMENTS (KOHA)
Source of classification or shelving scheme Library of Congress Classification
Koha item type Books
Suppress in OPAC No
999 ## -
-- 3293
-- 3293
Holdings
Withdrawn status Lost status Source of classification or shelving scheme Damaged status Not for loan Collection Home library Current library Shelving location Date acquired Total checkouts Full call number Barcode Date last seen Copy number Price effective from Koha item type
    Library of Congress Classification     Non-fiction Undergraduate Library (Christ Temple) Undergraduate Library (Christ Temple) General stacks 01/31/2025   HG 4515.2 STE ulct00001026 01/31/2025 1 01/31/2025 Books
    Library of Congress Classification     Non-fiction Undergraduate Library (Christ Temple) Undergraduate Library (Christ Temple) General stacks 01/31/2025   HG 4515.2 STE ulct00001027 01/31/2025 2 01/31/2025 Books
© 2023-2024 Copyright: Central University Libraries. All Rights Reserved | Created by: Mahone Tech Office